| 000 | 03427ncm0a2200457 4500 | ||
|---|---|---|---|
| 001 | RU\NLR\ONIZ\208787 | ||
| 005 | 20250624194953.0 | ||
| 035 | _a(NLR Aleph) 010889656 | ||
| 090 |
_a10545309 _c10545309 |
||
| 100 | _a20150210d2013 |||y0rusy50 ca | ||
| 101 | 0 |
_arus _irus _iukr |
|
| 102 | _aRU | ||
| 125 | _aax | ||
| 145 | 0 | _ab | |
| 200 | 1 |
_aВосемь украинских напевов _bНоты _eдля флейты и фп. _fобраб. В. Соловьева |
|
| 210 |
_aСанкт-Петербург _cЗнакъ _d2013 |
||
| 215 |
_a16 с. _cил. _d29 см |
||
| 300 | _aНа тит. л. предисл. авт. обраб. | ||
| 300 | _aНа с. 2 обл.: дарств. надпись В. Г. Соловьева | ||
| 313 | _aСистематизация документа проведена по изданию - Методика классифицирования музыкальных произведений (нотных изданий) по таблицам Библиотечно-библиографических классификаций : метод. рекомендации / Гос. б-ка СССР им. В.И. Ленина.- М., 1977. Индексу ББК методических рекомендаций присваивается код ББК для научных библиотек - LBC/SL | ||
| 327 | 1 |
_a1. Черные брови = Чорнii брови; _a2. Где лад в семье = Де згода в сiмействе; _a3. Дует ветер = (Гуде вiтер); _a4. Гандзя; _a5. Солнце заходит = (Солнце низенько); _a6. Ой. Обруч сломался = (Ой, лопнув обруч); _a7. Не пой, соловей = (Не щебечи, соловейко); _a8. Ой, дивчина, шумит гай = (Ой, дiвчино, шумить гай) |
|
| 464 | 0 |
_12001#$aЧерные брови$dЧорнii брови$zukr _1215##$aС.2-3 _tЧерные брови |
|
| 464 | 0 |
_12001#$aГде лад в семье$dДе згода в сiмействе$zukr _1215##$aС.4-5 _tГде лад в семье |
|
| 464 | 0 |
_12001#$aДует ветер$d(Гуде вiтер)$zukr _tДует ветер |
|
| 464 | 0 |
_12001#$aГандзя _1215##$aС.8-9 _tГандзя |
|
| 464 | 0 |
_12001#$aСолнце заходит$d(Солнце низенько)$zukr _1215##$aС.10-11 _tСолнце заходит |
|
| 464 | 0 |
_12001#$aОй. Обруч сломался$d(Ой, лопнув обруч)$zukr _1215##$aС.12-13 _tОй. Обруч сломался |
|
| 464 | 0 |
_12001#$aНе пой, соловей$d(Не щебечи, соловейко)$zukr _1215##$aС.14-15 _tНе пой, соловей |
|
| 464 | 0 |
_12001#$aОй, дивчина, шумит гай$d(Ой, дiвчино, шумить гай)$zukr _1215##$aС.16 _tОй, дивчина, шумит гай |
|
| 606 | 1 |
_aОбработки народных песен _yУкраина-Россия _z20-21 в. _jНоты _2nlr_sh |
|
| 686 |
_aЩ957.22-42-092(2Р) _vLBC/SL _2rubbk |
||
| 700 | 1 |
_9z01790 _aСоловьев _bВ. Г. _f1937- _gВладислав Георгиевич _4340 _7ca |
|
| 790 | 1 |
_9z01700 _aSolov`yev _bV. G. _f1937- _gVladislav Georgievich _4340 |
|
| 801 | 0 |
_aRU _bNLR _c20150210 _gPSBO |
|
| 801 | 1 |
_aRU _bNLR _c20150210 _2rusmarc |
|
| 801 | 2 |
_aRU _bNLR _c20151105 |
|
| 852 |
_aNLR _bМ _j986/509 _p279443 _t1 |
||
| 942 | _cSCORE | ||
| 980 | _aNB | ||
| 980 | _aONIZ | ||